1194 1873 1699 1515 1419 1282 1364 1328 1818 1734 1458 1969 1329 1256 1774 1780 1139 1376 1722 1519 1402 1615 1439 1354 1923 1304 1123 1071 1701 1971 1371 1441 1402 1349 1709 1265 1671 1876 1823 1367 1318 1125 1944 1894 1524 1117 1615 1405 1377 1141 1623 1195 1286 1403 1302 1854 1441 1060 1175 1027 1819 1595 1705 1450 1755 1166 1998 1672 1433 1392 1845 1355 1224 1670 1370 1099 1844 1622 1695 1630 1663 1828 1158 1945 1575 1327 1583 1705 1098 1207 1072 1658 1000 1464 1351 1145 1891 1676 1473 BCNSPRNW ULIB Ver.6.0+V

เปลี่ยนเป็นภาษาไทย

Change to English
 แสดงรายละเอียดบรรณานุกรม
  กลับหน้าหลัก

Brief Record : Get Marc (ISO 2709) : E-mail record : QR code < ปิดหน้าต่าง
LEADER : 00000nam 2200000uu 4500
001    13399114694
003     ULIB
008    020711s2553 th a 000 0 tha d
099    ^aวจ.WD210^bม154ก
100    ^aมนทรัตม์ ถาวรเจริญทรัพย์
245    การศึกษาผลกระทบในเชิงเศรษฐศาสตร์และคุณภาพชีวิตจากโรคอ้วนในประเทศไทย /^cมนทรัตม์ ถาวรเจริญทรัพย์ และคณะ
260    ^aนนทบุรี :^bโครงการประเมินเทคโนโลยีและนโยบายด้านสุขภาพ ,^c2555
300    ^a124 หน้า
650  7 โรคอ้วน^xคุณภาพชีวิต^xวิจัย
700 0  เนติ สุขสมบูรณ์
700 0  ไพบูลย์ พิทยาเธียรอนันต์
700 0  จอมขวัญ โยธาสมุทธ
700 0  วิชัย เอกพลากร
700 0  ยศ ตีระวัฒนานนท์
710 1  กระทรวงสาธารณสุข. ^bกรมอนามัย.^bโครงการประเมินเทคโนโลยีและนโยบายด้านสุขภาพ.
945    ^p0^l0^i031709
995    ทศพร
999 ^a ทศพร
รายการนี้ยังไม่มีแท็ก
คุณยังไม่ได้ล็อกอิน คุณสามารถมีกิจกรรมร่วมกับเว็บไซต์ได้ แต่ต้องล็อกอินก่อน ::
  ล็อกอิน

รายการสื่อสารสนเทศ

ลำดับที่ ประเภท เลขเรียก/บาร์โค้ด สถานที่ สถานะ
1. งานวิจัย
งานวิจัย
วจ.WD210 ม154ก  
  Barcode: 031709
ห้องสมุดวิทยาเขตสวรรค์ประชารักษ์
►วิจัย
บนชั้น

รายการใกล้เคียง
    ผู้แต่ง [มนทรัตม์ ถาวรเจริญทรัพย์]

BibComment


ยังไม่เคยถูกคอมเมนท์

คอมเมนท์ทรัพยากรรายการนี้
  คอมเมนท์: การศึกษาผลกระทบใน..


 Copyright 2026. Bcnsprnw @Library